000 00374nam a22001457a 4500
020 _a9788181312570
082 _a823
_bBRI/M
100 _aBRITANNICA
245 _aBRITANNICA EARLY DISCOVERY
_bME AND YOU
260 _aGREAT BRITAIN
_bENCYCLOPEDIA
_c2012
300 _a40
520 _aLEARN NEW WORDS, FUN ACTIVITIES
650 _aEARLY DISCOVERY
_zGREAT BRITAIN
942 _cBK
999 _c230
_d230